[Event "MVP-ch Seniors op 13th"]
[Site "Binz"]
[Date "2013.11.30"]
[Round "4"]
[White "Garbe, Eckhard"]
[Black "Helbig, Christoph"]
[Result "0-1"]
[WhiteElo "1381"]
[BlackElo "1586"]
[PlyCount "68"]
[EventDate "2013.11.27"]
[EventType "swiss"]
[EventRounds "9"]
[EventCountry "GER"]
[SourceTitle "EXT 2015"]
[Source "ChessBase"]
[SourceDate "2014.11.20"]
[SourceVersion "1"]
[SourceVersionDate "2014.11.20"]
[SourceQuality "1"]

1. d4 Nf6 2. Nf3 g6 3. c4 a6 4. Nc3 c5 5. d5 b5 6. cxb5 axb5 7. Nxb5 Ba6 8. Nc3 d6 9. Bd2 Qb6 10. b3 Bg7 11. h3 Qb7 12. Rb1 Nxd5 13. Nxd5 Qxd5 14. g3 Qe4 15. Be3 Bc3+ 16. Bd2 Bxd2+ 17. Kxd2 Qb4+ 18. Kc1 Bb7 19. Rb2 Be4 20. Qd2 Nc6 21. Qxb4 Nxb4 22. a4 Kd7 23. Bg2 Kc7 24. Ne1 Bxg2 25. Nxg2 Rhb8 26. Ne3 d5 27. Rd1 d4 28. Nc2 Nd5 29. e3 Nc3 30. Rd2 e5 31. exd4 exd4 32. f4 Re8 33. Nxd4 cxd4 34. Rxd4 Ne2+ 0-1

[Event "Hessen-ch Seniors op 09th"]
[Site "Bad Sooden-Allendorf"]
[Date "2013.04.27"]
[Round "8"]
[White "Garbe, Eckhard"]
[Black "Fritsch, Wolfgang"]
[Result "0-1"]
[WhiteElo "1706"]
[BlackElo "1845"]
[PlyCount "70"]
[EventDate "2013.04.20"]
[EventType "swiss"]
[EventRounds "9"]
[EventCountry "GER"]
[SourceTitle "EXT 2019"]
[Source "ChessBase"]
[SourceDate "2018.10.10"]
[SourceVersion "1"]
[SourceVersionDate "2018.10.10"]
[SourceQuality "1"]

1. d4 Nf6 2. Nf3 d6 3. c4 b6 4. g3 Bb7 5. Bg2 e6 6. 0-0 c5 7. Nc3 Be7 8. Bg5 0-0 9. Re1 h6 10. Bxf6 Bxf6 11. d5 Bxc3 12. bxc3 e5 13. e4 Bc8 14. h3 f5 15. exf5 Bxf5 16. Nd2 Qf6 17. Qf3 Qg6 18. Qe3 Nd7 19. Be4 Nf6 20. Bxf5 Qxf5 21. Kg2 Rae8 22. Ne4 Nxe4 23. Qxe4 Qxf2+ 24. Kh1 Qxg3 25. Re3 Qf4 26. Qd3 Rf6 27. Rg1 Ref8 28. Reg3 R8f7 29. Qe2 g5 30. a3 Qh4 31. Qd3 Kg7 32. Rg4 Qh5 33. h4 Rf3 34. Rxg5+ hxg5 35. Rxg5+ Qxg5 0-1

[Event "Hessen-ch Seniors op 09th"]
[Site "Bad Sooden-Allendorf"]
[Date "2013.04.25"]
[Round "6"]
[White "Garbe, Eckhard"]
[Black "Bendisch, Juergen"]
[Result "0-1"]
[WhiteElo "1706"]
[BlackElo "1921"]
[PlyCount "79"]
[EventDate "2013.04.20"]
[EventType "swiss"]
[EventRounds "9"]
[EventCountry "GER"]
[SourceTitle "EXT 2019"]
[Source "ChessBase"]
[SourceDate "2018.10.10"]
[SourceVersion "1"]
[SourceVersionDate "2018.10.10"]
[SourceQuality "1"]

1. d4 d5 2. Nf3 c6 3. e3 Nf6 4. c4 e6 5. cxd5 exd5 6. Nc3 Bd6 7. h3 h6 8. Bd3 Be6 9. 0-0 Nbd7 10. Re1 0-0 11. Qc2 Qc7 12. Bf5 Rfe8 13. Bxe6 Rxe6 14. Bd2 Rae8 15. Re2 Ne4 16. Rae1 Nxc3 17. Bxc3 Nf6 18. Nd2 Qe7 19. a3 Ne4 20. Nxe4 Rxe4 21. Bd2 Qf6 22. Bc1 Bc7 23. b4 Qd6 24. g3 Qg6 25. Kg2 h5 26. f4 f5 27. Kh2 R8e7 28. Qb3 h4 29. Rg2 hxg3+ 30. Rxg3 Qh7 31. Reg1 Qh5 32. Qc2 Bb6 33. Qg2 Qh7 34. Rg6 R4e6 35. Rxe6 Rxe6 36. Qg5 Kf7 37. Rg3 Re4 38. Rf3 Bd8 39. Qg2 Qh5 40. Rg3 0-1

[Event "Hessen-ch Seniors op 09th"]
[Site "Bad Sooden-Allendorf"]
[Date "2013.04.21"]
[Round "2"]
[White "Garbe, Eckhard"]
[Black "Kempen, Willi"]
[Result "0-1"]
[WhiteElo "1706"]
[BlackElo "2036"]
[PlyCount "62"]
[EventDate "2013.04.20"]
[EventType "swiss"]
[EventRounds "9"]
[EventCountry "GER"]
[SourceTitle "EXT 2019"]
[Source "ChessBase"]
[SourceDate "2018.10.10"]
[SourceVersion "1"]
[SourceVersionDate "2018.10.10"]
[SourceQuality "1"]

1. d4 d5 2. Nf3 e6 3. c4 c6 4. e3 Nf6 5. Nc3 Bd6 6. cxd5 exd5 7. Bd3 Bg4 8. h3 Bh5 9. Be2 Nbd7 10. 0-0 Rc8 11. Bd2 Bb8 12. Rc1 a6 13. Na4 Qc7 14. g3 Ne4 15. Qe1 0-0 16. Nc3 Ndf6 17. Ne5 Rfe8 18. Bxh5 Nxh5 19. Nxd5 Qd6 20. Nc3 Nxd2 21. Qxd2 Rxe5 22. Qd1 Rd5 23. Ne4 Qe6 24. Nc5 Qxh3 25. Nxb7 Nxg3 26. f4 Rh5 27. Rc2 Nxf1 28. Qxf1 Qh1+ 29. Kf2 Rh2+ 30. Ke1 Qxf1+ 31. Kxf1 Rxc2 0-1

[Event "MVP-ch Seniors op 12th"]
[Site "Binz"]
[Date "2012.12.02"]
[Round "5"]
[White "Garbe, Eckhard"]
[Black "Kuhnert, Werner Eberhard"]
[Result "1/2-1/2"]
[WhiteElo "1434"]
[BlackElo "1293"]
[PlyCount "118"]
[EventDate "2012.11.28"]
[EventType "swiss"]
[EventRounds "9"]
[EventCountry "GER"]
[SourceTitle "EXT 2014"]
[Source "ChessBase"]
[SourceDate "2013.11.20"]
[SourceVersion "1"]
[SourceVersionDate "2013.11.20"]
[SourceQuality "1"]

1. d4 d5 2. Nf3 Bg4 3. e3 Nf6 4. Be2 e6 5. h3 Bh5 6. 0-0 Be7 7. c4 c6 8. Nc3 0-0 9. cxd5 cxd5 10. Ne5 Bxe2 11. Nxe2 Nc6 12. Nxc6 bxc6 13. a3 Qd7 14. b4 Rfc8 15. Bd2 Ne4 16. Rc1 Nxd2 17. Qxd2 Qb7 18. Rb1 a6 19. Rfc1 Qd7 20. Rb3 Bd8 21. Qc2 Rc7 22. Rc3 Rac8 23. Qa4 c5 24. Qxd7 Rxd7 25. Rxc5 Rxc5 26. bxc5 Rb7 27. c6 Ra7 28. Rb1 Bc7 29. Nc3 Kf8 30. Na4 Ke7 31. Nc5 Kd6 32. Rb7 Rxb7 33. cxb7 Kc6 34. f3 a5 35. e4 Bb8 36. Kf2 Ba7 37. Ke3 Bxc5 38. dxc5 Kxb7 39. exd5 exd5 40. Kd4 Kc6 41. a4 f6 42. f4 g6 43. g4 f5 44. gxf5 gxf5 45. h4 h5 46. Ke5 Kxc5 47. Kxf5 d4 48. Ke4 Kc4 49. f5 d3 50. Ke3 Kc3 51. f6 d2 52. f7 d1Q 53. f8Q Qd4+ 54. Kf3 Qxh4 55. Qa3+ Kc4 56. Qa2+ Kc5 57. Qc2+ Qc4 58. Qf2+ Qd4 59. Qc2+ Qc4 1/2-1/2

[Event "MVP-ch Seniors op 12th"]
[Site "Binz"]
[Date "2012.11.29"]
[Round "2"]
[White "Jung, Michael"]
[Black "Garbe, Eckhard"]
[Result "1-0"]
[WhiteElo "1666"]
[BlackElo "1434"]
[PlyCount "95"]
[EventDate "2012.11.28"]
[EventType "swiss"]
[EventRounds "9"]
[EventCountry "GER"]
[SourceTitle "EXT 2014"]
[Source "ChessBase"]
[SourceDate "2013.11.20"]
[SourceVersion "1"]
[SourceVersionDate "2013.11.20"]
[SourceQuality "1"]

1. c4 c6 2. d4 d5 3. e3 Nf6 4. Nf3 Bg4 5. Nc3 e6 6. Bd2 Nbd7 7. b3 Bd6 8. Be2 Qc7 9. c5 Be7 10. 0-0 0-0 11. b4 a6 12. a4 e5 13. b5 e4 14. Ne1 Bxe2 15. Nxe2 Ng4 16. Nf4 Ngf6 17. bxa6 Rxa6 18. g3 Rfa8 19. a5 Bd8 20. Bb4 Qb8 21. Qd2 Bc7 22. Neg2 Qd8 23. Rab1 R8a7 24. Rb2 Bxa5 25. Rfb1 b5 26. cxb6 Bxb6 27. Bc5 Nxc5 28. dxc5 Bc7 29. Ne2 g6 30. Nd4 Qd7 31. Qe2 Qh3 32. f3 exf3 33. Qxf3 Ra1 34. Qxf6 Rxb1+ 35. Rxb1 Ra2 36. Qf1 Kg7 37. Nxc6 Rc2 38. Rc1 Rb2 39. Nd4 Bd8 40. Rc2 Rb7 41. Nf4 Qg4 42. Rc1 Rb2 43. Qf3 Qg5 44. Qxd5 Qe7 45. Re1 Ba5 46. Nc6 Qc7 47. Rf1 Bd2 48. Qd4+ 1-0

[Event "GER-ch Seniors"]
[Site "Dresden"]
[Date "2012.08.16"]
[Round "8"]
[White "Garbe, Eckhard"]
[Black "Scholz, Werner"]
[Result "1/2-1/2"]
[WhiteElo "1713"]
[BlackElo "1783"]
[PlyCount "115"]
[EventDate "2012.08.09"]
[EventType "swiss"]
[EventRounds "9"]
[EventCountry "GER"]
[SourceTitle "EXT 2014"]
[Source "ChessBase"]
[SourceDate "2013.11.20"]
[SourceVersion "1"]
[SourceVersionDate "2013.11.20"]
[SourceQuality "1"]

1. d4 d5 2. Nf3 Nf6 3. e3 e6 4. c4 c6 5. Nc3 Be7 6. cxd5 exd5 7. Bd3 0-0 8. 0-0 Re8 9. Qc2 Bg4 10. Be2 Nbd7 11. h3 Bh5 12. a3 Bg6 13. Bd3 Bxd3 14. Qxd3 a5 15. Bd2 Nb6 16. b3 Bd6 17. Rfc1 Qe7 18. a4 Nbd7 19. Re1 Ne4 20. Re2 Ndf6 21. Rae1 Nxc3 22. Bxc3 Ne4 23. Rc1 Ba3 24. Rcc2 Bd6 25. Be1 h5 26. Bd2 Bc7 27. Be1 g5 28. Nd2 Qd6 29. Nf1 g4 30. hxg4 hxg4 31. f3 Nf6 32. Bg3 Qd7 33. Bxc7 Qxc7 34. f4 Ne4 35. g3 Kg7 36. Rh2 Rh8 37. Rxh8 Rxh8 38. Rh2 Rxh2 39. Kxh2 f5 40. Kg2 Kf6 41. Nd2 Qh7 42. Nxe4+ dxe4 43. Qf1 Qh3+ 44. Kf2 Kg6 45. Qg2 b6 46. Qg1 Qh8 47. Kg2 Qg8 48. Qd1 Qd5 49. Qc2 c5 50. Qc4 Qxc4 51. bxc4 cxd4 52. exd4 Kf6 53. Kf2 Ke6 54. Ke3 Kd6 55. Kd2 Kc7 56. Ke3 Kd6 57. Kd2 Kc6 58. Ke3 1/2-1/2

[Event "GER-ch Seniors"]
[Site "Dresden"]
[Date "2012.08.12"]
[Round "4"]
[White "Hartlaub, Marianne"]
[Black "Garbe, Eckhard"]
[Result "0-1"]
[WhiteElo "1623"]
[BlackElo "1713"]
[PlyCount "71"]
[EventDate "2012.08.09"]
[EventType "swiss"]
[EventRounds "9"]
[EventCountry "GER"]
[SourceTitle "EXT 2014"]
[Source "ChessBase"]
[SourceDate "2013.11.20"]
[SourceVersion "1"]
[SourceVersionDate "2013.11.20"]
[SourceQuality "1"]

1. Nf3 d5 2. c4 c6 3. b3 e6 4. Bb2 Nf6 5. g3 Be7 6. Bg2 0-0 7. 0-0 Nbd7 8. d3 Rb8 9. Nbd2 b6 10. Rc1 c5 11. e3 Bb7 12. Rc2 Re8 13. Qa1 Nf8 14. Ne5 N8d7 15. d4 Nxe5 16. dxe5 Nd7 17. Rd1 dxc4 18. Nxc4 Bxg2 19. Kxg2 Qc7 20. Nd6 Qc6+ 21. Kg1 Red8 22. Rcd2 Qf3 23. Qc1 Nf8 24. Nc4 Qa8 25. f4 b5 26. Nd6 Qc6 27. Rf1 Rd7 28. Qc2 Rc8 29. f5 Bxd6 30. exd6 Rxd6 31. Qc3 f6 32. Rxd6 Qxd6 33. fxe6 Nxe6 34. a4 b4 35. Qc4 Kf7 36. e4 0-1

[Event "GER-ch Seniors"]
[Site "Dresden"]
[Date "2012.08.10"]
[Round "2"]
[White "Foerster, Jonas"]
[Black "Garbe, Eckhard"]
[Result "1-0"]
[WhiteElo "1758"]
[BlackElo "1713"]
[PlyCount "53"]
[EventDate "2012.08.09"]
[EventType "swiss"]
[EventRounds "9"]
[EventCountry "GER"]
[SourceTitle "EXT 2014"]
[Source "ChessBase"]
[SourceDate "2013.11.20"]
[SourceVersion "1"]
[SourceVersionDate "2013.11.20"]
[SourceQuality "1"]

1. d4 d5 2. c4 Nf6 3. cxd5 Nxd5 4. e4 Nf6 5. Nc3 e6 6. d5 exd5 7. exd5 Bd6 8. Bc4 0-0 9. Nge2 b6 10. 0-0 Bb7 11. Be3 c6 12. dxc6 Nxc6 13. a3 a6 14. Qc2 Qc7 15. h3 Ne5 16. Bb3 Rac8 17. Rac1 b5 18. Qf5 Qc6 19. Nd5 Qd7 20. Nxf6+ gxf6 21. Qxd7 Nxd7 22. Rfd1 Rxc1 23. Nxc1 Nc5 24. Rxd6 Ne4 25. Rb6 Bc8 26. Bd5 Rd8 27. Bxe4 1-0

[Event "MVP-ch Seniors op 11th"]
[Site "Binz"]
[Date "2011.12.04"]
[Round "5.52"]
[White "Garbe, Eckhard"]
[Black "Knoblach, Norbert"]
[Result "0-1"]
[WhiteElo "1479"]
[BlackElo "1736"]
[PlyCount "108"]
[EventDate "2011.11.30"]
[EventType "swiss"]
[EventRounds "9"]
[EventCountry "GER"]
[SourceTitle "EXT 2013"]
[Source "ChessBase"]
[SourceDate "2012.11.22"]
[SourceVersion "1"]
[SourceVersionDate "2012.11.22"]
[SourceQuality "1"]

1. d4 Nf6 2. Nf3 d6 3. c4 g6 4. Nc3 Bg7 5. e4 0-0 6. h3 e5 7. d5 a5 8. Bd3 Na6 9. Be3 Nh5 10. Qd2 f5 11. Bh6 Nc5 12. Bxg7 Kxg7 13. 0-0-0 Nf4 14. Bc2 a4 15. g3 Nh5 16. Rde1 fxe4 17. Ng5 Nd3+ 18. Bxd3 exd3 19. Nce4 h6 20. Ne6+ Bxe6 21. dxe6 Nf6 22. f3 Nxe4 23. fxe4 Rf3 24. Rhf1 Qf6 25. Rxf3 Qxf3 26. Rd1 Qxe4 27. Qxd3 Qxd3 28. Rxd3 Kf6 29. e7 Kxe7 30. Ra3 Ra6 31. Kd2 c6 32. Ke3 Ke6 33. g4 g5 34. Ke4 d5+ 35. Kd3 Kd6 36. Rc3 Ra8 37. Ra3 b5 38. cxb5 cxb5 39. b3 Rf8 40. Ke2 Rf4 41. Ke3 Kc5 42. bxa4 Rxa4 43. Rc3+ Kb4 44. Rc6 Ra3+ 45. Kf2 Rxa2+ 46. Kg3 Ra3+ 47. Kg2 d4 48. Rxh6 d3 49. Kf2 Kc3 50. Rc6+ Kd2 51. Re6 Kc2 52. Rc6+ Rc3 53. Rd6 b4 54. Ke1 b3 0-1

[Event "MVP-ch Seniors op 11th"]
[Site "Binz"]
[Date "2011.12.01"]
[Round "2.45"]
[White "Juergens, Peter1111"]
[Black "Garbe, Eckhard"]
[Result "1/2-1/2"]
[WhiteElo "1810"]
[BlackElo "1479"]
[PlyCount "67"]
[EventDate "2011.11.30"]
[EventType "swiss"]
[EventRounds "9"]
[EventCountry "GER"]
[SourceTitle "EXT 2013"]
[Source "ChessBase"]
[SourceDate "2012.11.22"]
[SourceVersion "1"]
[SourceVersionDate "2012.11.22"]
[SourceQuality "1"]

1. d4 d5 2. Bf4 Nf6 3. e3 e6 4. Nf3 Bd6 5. Bg3 Nc6 6. Nbd2 Qe7 7. Ne5 Bd7 8. a3 a6 9. Bd3 g6 10. f4 Nh5 11. Bf2 f6 12. Nxc6 Bxc6 13. 0-0 0-0 14. c4 dxc4 15. Bxc4 f5 16. Nf3 Bxf3 17. Qxf3 c6 18. Qe2 Kg7 19. g3 Nf6 20. Bd3 Rac8 21. e4 fxe4 22. Bxe4 Nxe4 23. Qxe4 Rce8 24. Rad1 Rf5 25. Be3 Rd5 26. Kg2 Qf7 27. g4 Bc7 28. Rd2 Bb6 29. Rfd1 h6 30. h4 Bd8 31. Bf2 Bc7 32. Be3 Qe7 33. g5 h5 34. Kg3 1/2-1/2

[Event "Niedersachsen-ch Seniors op 14th"]
[Site "Bad Bevensen"]
[Date "2011.07.12"]
[Round "8"]
[White "Vierroth, Hans"]
[Black "Garbe, Eckhard"]
[Result "1-0"]
[WhiteElo "1612"]
[BlackElo "1454"]
[PlyCount "51"]
[EventDate "2011.07.05"]
[EventType "swiss"]
[EventRounds "9"]
[EventCountry "GER"]
[SourceTitle "EXT 2012"]
[Source "ChessBase"]
[SourceDate "2011.11.24"]
[SourceVersion "1"]
[SourceVersionDate "2011.11.24"]
[SourceQuality "1"]

1. d4 d5 2. e4 e6 3. Nc3 Bb4 4. Bd2 Bxc3 5. Bxc3 dxe4 6. Qg4 Nf6 7. Qxg7 Rg8 8. Qh6 Nbd7 9. f3 b6 10. Qh3 Bb7 11. 0-0-0 Bd5 12. Be1 Qe7 13. c4 Bb7 14. Bh4 a5 15. d5 exd5 16. fxe4 0-0-0 17. exd5 Qc5 18. Bxf6 Rde8 19. Bd4 Qd6 20. Nf3 Qf4+ 21. Kb1 Re7 22. Bd3 Kb8 23. Rhe1 Rxe1 24. Rxe1 Bc8 25. Qh4 Rxg2 26. Qxf4 1-0

[Event "Niedersachsen-ch Seniors op 14th"]
[Site "Bad Bevensen"]
[Date "2011.07.11"]
[Round "7"]
[White "Garbe, Eckhard"]
[Black "Zoeller, Henning"]
[Result "1-0"]
[WhiteElo "1454"]
[BlackElo "1300"]
[PlyCount "87"]
[EventDate "2011.07.05"]
[EventType "swiss"]
[EventRounds "9"]
[EventCountry "GER"]
[SourceTitle "EXT 2012"]
[Source "ChessBase"]
[SourceDate "2011.11.24"]
[SourceVersion "1"]
[SourceVersionDate "2011.11.24"]
[SourceQuality "1"]

1. d4 Nf6 2. Nf3 g6 3. c4 d6 4. Nc3 Bg7 5. e4 0-0 6. Bd3 Nbd7 7. 0-0 e5 8. d5 Nc5 9. Bc2 h6 10. h3 Kh7 11. Rb1 Ng8 12. Be3 Nd7 13. Nd2 Ne7 14. Ne2 f5 15. f4 fxe4 16. fxe5 Nxe5 17. Bxe4 Nf5 18. Bf4 g5 19. Bh2 Kh8 20. Qb3 Rb8 21. Rf2 Bd7 22. Rbf1 Ne7 23. Bxe5 dxe5 24. Rf7 Rxf7 25. Rxf7 Be8 26. Rf2 b5 27. c5 c6 28. d6 Ng6 29. g3 a5 30. Qd3 Nf8 31. Bf5 Bf7 32. b3 Ne6 33. Bxe6 Bxe6 34. g4 Bd5 35. Ne4 a4 36. N2g3 axb3 37. axb3 Ra8 38. Nf5 Ra3 39. Rb2 Qa5 40. Kf2 Ra1 41. Qe2 Bxe4 42. Qxe4 Rd1 43. Nxg7 Qb4 44. Qxb4 1-0

[Event "Niedersachsen-ch Seniors op 14th"]
[Site "Bad Bevensen"]
[Date "2011.07.10"]
[Round "6"]
[White "Fischer, Paul"]
[Black "Garbe, Eckhard"]
[Result "1-0"]
[WhiteElo "1670"]
[BlackElo "1454"]
[PlyCount "101"]
[EventDate "2011.07.05"]
[EventType "swiss"]
[EventRounds "9"]
[EventCountry "GER"]
[SourceTitle "EXT 2012"]
[Source "ChessBase"]
[SourceDate "2011.11.24"]
[SourceVersion "1"]
[SourceVersionDate "2011.11.24"]
[SourceQuality "1"]

1. Nc3 Nf6 2. e4 e5 3. Nf3 d6 4. Bc4 h6 5. 0-0 Bg4 6. h3 Bxf3 7. Qxf3 Be7 8. Nd5 0-0 9. d3 Nxd5 10. Bxd5 c6 11. Bb3 Bg5 12. Be3 Nd7 13. a4 Qf6 14. Qg4 Nc5 15. Ba2 b6 16. b4 Ne6 17. g3 Qe7 18. h4 Bxe3 19. fxe3 Rad8 20. Rf3 d5 21. exd5 cxd5 22. Raf1 Kh8 23. Qh5 f6 24. Qf5 Rd6 25. g4 Qf7 26. R3f2 Kg8 27. Qf3 Rfd8 28. Qh1 Qg6 29. Qf3 R8d7 30. Rg2 Qf7 31. Qg3 Qe7 32. Rgf2 Kh7 33. Qf3 Kg8 34. Qf5 Qe8 35. Rh2 Qe7 36. Bb3 Rd8 37. Rhf2 Rf8 38. c4 d4 39. e4 Kh8 40. Qf3 Nf4 41. Rc1 Rc6 42. b5 Rcc8 43. Ra1 Qb4 44. Rb1 Qc3 45. Bc2 Qa3 46. Rh2 Rxc4 47. g5 Rc3 48. gxh6 g6 49. Qg4 Qc5 50. Qd7 Rxc2 51. Qg7# 1-0

[Event "GER-ch Seniors 22nd"]
[Site "Berlin"]
[Date "2010.08.22"]
[Round "7"]
[White "Garbe, Eckhard"]
[Black "Hesselbarth, Karlheinz"]
[Result "0-1"]
[WhiteElo "1439"]
[BlackElo "1606"]
[PlyCount "58"]
[EventDate "2010.08.16"]
[EventType "swiss"]
[EventRounds "9"]
[EventCountry "GER"]
[SourceTitle "CBM 138 Extra"]
[Source "ChessBase"]
[SourceDate "2010.10.29"]
[SourceVersion "1"]
[SourceVersionDate "2010.10.29"]
[SourceQuality "1"]

1. d4 Nf6 2. Nf3 e6 3. c4 d5 4. Nc3 c6 5. e3 Nbd7 6. Bd3 dxc4 7. Bxc4 b5 8. Bd3 a6 9. a3 c5 10. dxc5 Nxc5 11. Bc2 Qc7 12. Bd2 Bb7 13. b4 Ncd7 14. h3 Be7 15. 0-0 0-0 16. Rc1 Rac8 17. Re1 Rfd8 18. e4 Nb6 19. Bb3 Nc4 20. Bxc4 bxc4 21. Qe2 Rd3 22. e5 Bxf3 23. gxf3 Nh5 24. Kg2 Rcd8 25. Nb1 Rxd2 26. Nxd2 Nf4+ 27. Kh1 Nxe2 28. Rxe2 Rxd2 29. Rxd2 Bg5 0-1

[Event "GER-ch Seniors 22nd"]
[Site "Berlin"]
[Date "2010.08.17"]
[Round "2"]
[White "Roettger, Franz"]
[Black "Garbe, Eckhard"]
[Result "1/2-1/2"]
[WhiteElo "1699"]
[BlackElo "1439"]
[PlyCount "106"]
[EventDate "2010.08.16"]
[EventType "swiss"]
[EventRounds "9"]
[EventCountry "GER"]
[SourceTitle "CBM 138 Extra"]
[Source "ChessBase"]
[SourceDate "2010.10.29"]
[SourceVersion "1"]
[SourceVersionDate "2010.10.29"]
[SourceQuality "1"]

1. e4 c5 2. Bc4 e6 3. Nc3 a6 4. d3 Nc6 5. a3 b5 6. Ba2 Nf6 7. f4 d6 8. Nf3 Qb6 9. Ne2 Be7 10. Ng3 Bb7 11. f5 e5 12. Qe2 Nd4 13. Nxd4 cxd4 14. 0-0 Rc8 15. Bb3 a5 16. a4 b4 17. Nh5 Rg8 18. Bg5 Rc7 19. Nxf6+ Bxf6 20. Bxf6 gxf6 21. Qh5 Rg7 22. Qh6 Kf8 23. Rf3 Kg8 24. Qxf6 Rd7 25. Qh6 Qd8 26. Rg3 Rxg3 27. hxg3 Qf8 28. Qh3 Rc7 29. f6 Bc8 30. Qh4 Kh8 31. Bc4 Qg8 32. Kf2 Qg6 33. Rh1 Be6 34. b3 Bxc4 35. dxc4 Rc8 36. Kf3 Re8 37. g4 Re6 38. g5 Re8 39. Qh5 Rg8 40. Qxg6 Rxg6 41. Kg4 Rg8 42. Kf5 Rg6 43. Rh6 Rg8 44. g6 Rxg6 45. Rxg6 hxg6+ 46. Kg4 Kg8 47. Kh4 Kh7 48. g4 Kh6 49. g5+ Kh7 50. Kg3 Kg8 51. Kf2 Kf8 52. Ke2 Ke8 53. Kd3 Kd7 1/2-1/2

[Event "Mecklenburg VP-ch Seniors op 09th"]
[Site "Binz"]
[Date "2009.12.04"]
[Round "4.58"]
[White "Ludwig, Siegfried"]
[Black "Garbe, Eckhard"]
[Result "1-0"]
[WhiteElo "1352"]
[BlackElo "1505"]
[PlyCount "113"]
[EventDate "2009.12.01"]
[EventType "swiss"]
[EventRounds "9"]
[EventCountry "GER"]
[SourceTitle "EXT 2022"]
[Source "ChessBase"]
[SourceDate "2021.10.06"]
[SourceVersion "1"]
[SourceVersionDate "2021.10.06"]
[SourceQuality "1"]

1. e4 c5 2. Bc4 e6 3. Nf3 a6 4. a3 b5 5. Ba2 Nc6 6. Nc3 Qb6 7. d3 Nge7 8. 0-0 Ng6 9. Be3 Be7 10. b4 d6 11. d4 cxd4 12. Nxd4 Qc7 13. f4 0-0 14. Qg4 Bf6 15. Nde2 Bd7 16. e5 dxe5 17. Ne4 Be7 18. Qh3 exf4 19. Bc5 e5 20. Qh5 Qc8 21. Ng5 Bxg5 22. Qxg5 Re8 23. Nc3 Be6 24. Nd5 Bxd5 25. Bxd5 Qd8 26. Qxd8 Nxd8 27. Bxa8 Ne6 28. Bb7 Nc7 29. Rad1 Rb8 30. Be4 Ne6 31. Rd6 Nxc5 32. bxc5 Rc8 33. c6 Ne7 34. Rfd1 f5 35. Rd8+ Rxd8 36. Rxd8+ Kf7 37. Bd5+ Kf6 38. c7 e4 39. c8Q Nxc8 40. Rxc8 Kg5 41. Kf2 h5 42. h3 Kh4 43. Rc3 g5 44. g3+ fxg3+ 45. Rxg3 f4 46. Rc3 e3+ 47. Kg2 g4 48. hxg4 hxg4 49. Bf3 gxf3+ 50. Kxf3 Kg5 51. Rc5+ Kf6 52. Rc6+ Ke5 53. Rxa6 Kd4 54. Kxf4 e2 55. Re6 e1Q 56. Rxe1 Kc3 57. Re5 1-0

[Event "Bad Bevensen Seniors op 12th"]
[Site "Bad Bevensen"]
[Date "2009.07.13"]
[Round "7"]
[White "Vierling, Paul"]
[Black "Garbe, Eckhard"]
[Result "0-1"]
[WhiteElo "1271"]
[BlackElo "1432"]
[PlyCount "94"]
[EventDate "2009.07.07"]
[EventType "swiss"]
[EventRounds "9"]
[EventCountry "GER"]
[SourceTitle "EXT 2022"]
[Source "ChessBase"]
[SourceDate "2021.10.06"]
[SourceVersion "1"]
[SourceVersionDate "2021.10.06"]
[SourceQuality "1"]

1. e4 c5 2. Nf3 Nc6 3. Nc3 a6 4. a3 b5 5. Na2 e6 6. c3 Qc7 7. b4 Nf6 8. Bd3 c4 9. Bc2 d5 10. d3 dxe4 11. dxe4 Bb7 12. Bg5 Be7 13. Bxf6 Bxf6 14. 0-0 Rd8 15. Qe2 0-0 16. Rad1 Rxd1 17. Rxd1 Rd8 18. Re1 Ne5 19. Nxe5 Bxe5 20. g3 Qe7 21. f4 Bb8 22. e5 Ba7+ 23. Kf1 Qc7 24. Be4 Qb6 25. Qg2 Bxe4 26. Rxe4 Rd1+ 27. Ke2 Qd8 28. Rd4 Rxd4 29. cxd4 Bxd4 30. Qf3 h6 31. h4 Qd5 32. Qxd5 exd5 33. g4 Kf8 34. h5 Ke7 35. Kd2 Bb2 36. Kc2 Bxa3 37. Nc3 d4 38. Nd5+ Kd7 39. f5 d3+ 40. Kd2 a5 41. bxa5 Kc6 42. Nb6 Bb4+ 43. Kd1 Bxa5 44. Nc8 c3 45. Nd6 c2+ 46. Kc1 Bb4 47. Nxf7 Ba3+ 0-1

[Event "Schleswig Holstein-ch Seniors"]
[Site "Germany"]
[Date "2009.??.??"]
[Round "3"]
[White "Garbe, Eckhard"]
[Black "Graffenberger, Wilhelm"]
[Result "1/2-1/2"]
[WhiteElo "1670"]
[BlackElo "1800"]
[PlyCount "90"]
[EventDate "2009.??.??"]
[EventType "swiss"]
[EventRounds "7"]
[EventCountry "GER"]
[SourceTitle "EXT 2011"]
[Source "ChessBase"]
[SourceDate "2010.11.26"]
[SourceVersion "1"]
[SourceVersionDate "2010.11.26"]
[SourceQuality "1"]

1. d4 Nf6 2. c4 c5 3. d5 b5 4. a4 bxc4 5. Nc3 d6 6. e4 Ba6 7. Nf3 Nbd7 8. a5 g6 9. Nd2 Ne5 10. Qa4+ Qd7 11. Nxc4 Qxa4 12. Rxa4 Nfd7 13. Nxd6+ exd6 14. Bxa6 Bg7 15. f4 Ng4 16. h3 Nh6 17. Nb5 Ke7 18. g4 Rhf8 19. g5 Ng8 20. Ke2 f5 21. Kf3 Rab8 22. Re1 Kd8 23. Re2 Ne7 24. Ra3 fxe4+ 25. Rxe4 Nxd5 26. Nxd6 Bxb2 27. Bxb2 Rxb2 28. Nc4 Rb4 29. Rd3 Nc7 30. Ne5 Rxe4 31. Rxd7+ Ke8 32. Kxe4 Nxa6 33. Rxa7 Nb4 34. Ra8+ Ke7 35. Rxf8 Kxf8 36. Nd7+ Ke7 37. Nxc5 Kd6 38. Kd4 Nc6+ 39. Kc4 Nxa5+ 40. Kb5 Kd5 41. Nd7 Ke4 42. Nf6+ Kxf4 43. Nxh7 Kg3 44. Nf8 Kxh3 45. Kxa5 Kg4 1/2-1/2

[Event "Schleswig Holstein-ch Seniors"]
[Site "Germany"]
[Date "2009.??.??"]
[Round "2"]
[White "Zimmermann, Manfred"]
[Black "Garbe, Eckhard"]
[Result "1/2-1/2"]
[WhiteElo "1920"]
[BlackElo "1670"]
[PlyCount "50"]
[EventDate "2009.??.??"]
[EventType "swiss"]
[EventRounds "7"]
[EventCountry "GER"]
[SourceTitle "EXT 2011"]
[Source "ChessBase"]
[SourceDate "2010.11.26"]
[SourceVersion "1"]
[SourceVersionDate "2010.11.26"]
[SourceQuality "1"]

1. d4 Nf6 2. c4 d5 3. Nc3 dxc4 4. e3 e6 5. Bxc4 Be7 6. Nf3 0-0 7. Ne5 Nbd7 8. f4 a6 9. a3 b5 10. Ba2 Bb7 11. 0-0 c5 12. f5 exf5 13. Rxf5 cxd4 14. exd4 Nxe5 15. dxe5 Qxd1+ 16. Nxd1 Ne4 17. Be3 Rad8 18. Nc3 Nxc3 19. bxc3 Bd5 20. Bb6 Rd7 21. Bxd5 Rxd5 22. Bd4 Bc5 23. Rf4 Rxe5 24. a4 Rfe8 25. axb5 axb5 1/2-1/2